Money and Banking (Record no. 228970)
[ view plain ]
| 000 -LEADER | |
|---|---|
| fixed length control field | 00652nam a22002297a 4500 |
| 005 - DATE AND TIME OF LATEST TRANSACTION | |
| control field | 20231016101315.0 |
| 008 - FIXED-LENGTH DATA ELEMENTS--GENERAL INFORMATION | |
| fixed length control field | 231016b ||||| |||| 00| 0 eng d |
| 040 ## - CATALOGING SOURCE | |
| Transcribing agency | AL |
| 041 ## - LANGUAGE CODE | |
| Language code of text/sound track or separate title | English |
| 082 ## - DEWEY DECIMAL CLASSIFICATION NUMBER | |
| Edition number | 23 |
| Classification number | 332.4 |
| Item number | KALM |
| 100 ## - MAIN ENTRY--PERSONAL NAME | |
| Personal name | Shripathi Kalluraya P and others |
| 100 ## - MAIN ENTRY--PERSONAL NAME | |
| 9 (RLIN) | 138017 |
| 245 ## - TITLE STATEMENT | |
| Title | Money and Banking |
| 260 ## - PUBLICATION, DISTRIBUTION, ETC. | |
| Place of publication, distribution, etc. | Mangalore |
| Name of publisher, distributor, etc. | Mangala Publications |
| Date of publication, distribution, etc. | 2007 |
| 300 ## - PHYSICAL DESCRIPTION | |
| Extent | 155 p. |
| Other physical details | PB |
| Dimensions | 21x13 cm. |
| 365 ## - TRADE PRICE | |
| Price type code | 2684 |
| Currency code | ₹ |
| Unit of pricing | ₹ 60.00 |
| Price effective from | 13-08-2010 |
| 650 ## - SUBJECT ADDED ENTRY--TOPICAL TERM | |
| Topical term or geographic name entry element | banking |
| 9 (RLIN) | 138018 |
| 650 ## - SUBJECT ADDED ENTRY--TOPICAL TERM | |
| Topical term or geographic name entry element | BA |
| 9 (RLIN) | 138019 |
| 650 ## - SUBJECT ADDED ENTRY--TOPICAL TERM | |
| Topical term or geographic name entry element | SEM III |
| 9 (RLIN) | 138020 |
| 700 ## - ADDED ENTRY--PERSONAL NAME | |
| Personal name | KALLURAYA (Shripathi P) |
| 9 (RLIN) | 138021 |
| 700 ## - ADDED ENTRY--PERSONAL NAME | |
| Personal name | NAYAK (Jayavantha) |
| 9 (RLIN) | 138022 |
| 942 ## - ADDED ENTRY ELEMENTS (KOHA) | |
| Source of classification or shelving scheme | Dewey Decimal Classification |
| Koha item type | Book |
| Withdrawn status | Lost status | Source of classification or shelving scheme | Damaged status | Not for loan | Collection code | Home library | Current library | Date acquired | Source of acquisition | Total Checkouts | Full call number | Barcode | Date last seen | Cost, replacement price | Price effective from | Koha item type |
|---|---|---|---|---|---|---|---|---|---|---|---|---|---|---|---|---|
| Dewey Decimal Classification | Economics | St Aloysius Library | St Aloysius Library | 08/30/2010 | Biblios Book Point Surathkal Mangalore 575014 | 332.4 KALM | 064870 | 10/16/2023 | 60.00 | 10/16/2023 | Book | |||||
| Dewey Decimal Classification | Economics | St Aloysius Library | St Aloysius Library | 08/30/2010 | Biblios Book Point Surathkal Mangalore 575014 | 332.4 KALM | 064871 | 10/16/2023 | 60.00 | 10/16/2023 | Book | |||||
| Dewey Decimal Classification | Economics | St Aloysius Library | St Aloysius Library | 07/19/2007 | 332.4 KALM | 062072 | 10/16/2023 | 60.00 | 10/16/2023 | Book | ||||||
| Dewey Decimal Classification | Economics | St Aloysius Library | St Aloysius Library | 07/19/2007 | 332.4 KALM | 062073 | 10/16/2023 | 60.00 | 10/16/2023 | Book |